| 000 | 00721nam a2200229Ia 4500 | ||
|---|---|---|---|
| 003 | GCL | ||
| 008 | 140319s9999 xx 000 0 ara d | ||
| 040 |
_aGCL / _cGCL |
||
| 082 | 0 | 4 |
_a910.3 _bس ب |
| 100 | 1 | _aسوفنير بوك هاوس | |
| 245 | 1 | 0 |
_aبلدان اوربا الغربية / _cسوفنير بوك هاوس |
| 260 |
_aبيروت : _bسوفنير بوك هاوس |
||
| 300 |
_a171 ص ؛ _c18 سم |
||
| 490 |
_aموسوعة عالم البلدان (1) _v0 |
||
| 650 | 0 | 4 | _aالجغرافيا الطبيعية |
| 650 | 0 | 4 | _aالجغرافيا |
| 650 | 0 | 4 | _aالسكان |
| 650 | 0 | 4 | _aتقاويم البلدان |
| 650 | 0 | 4 | _aاوربا الغربية |
| 650 | 0 | 4 | _aاوربا |
| 942 |
_2ddc _cBK |
||
| 999 |
_c33049 _d33049 |
||